<?xml version="1.0" encoding="UTF-8"?>
<record
    xmlns:xsi="http://www.w3.org/2001/XMLSchema-instance"
    xsi:schemaLocation="http://www.loc.gov/MARC21/slim http://www.loc.gov/standards/marcxml/schema/MARC21slim.xsd"
    xmlns="http://www.loc.gov/MARC21/slim">

  <leader>01582nam a2200277 a 4500</leader>
  <controlfield tag="001">40109</controlfield>
  <controlfield tag="003">BD-RjUL</controlfield>
  <controlfield tag="005">20211209053135.0</controlfield>
  <controlfield tag="008">160423s1985    bg ||||  |||| 00| 0 ben d</controlfield>
  <datafield tag="020" ind1=" " ind2=" ">
    <subfield code="c">: Tk. 25.00</subfield>
  </datafield>
  <datafield tag="035" ind1=" " ind2=" ">
    <subfield code="a">(BD-RjUL)40224</subfield>
  </datafield>
  <datafield tag="040" ind1=" " ind2=" ">
    <subfield code="a">BD-RjUL</subfield>
    <subfield code="b">ben</subfield>
    <subfield code="c">BD-RjUL</subfield>
  </datafield>
  <datafield tag="041" ind1=" " ind2=" ">
    <subfield code="a">ben</subfield>
  </datafield>
  <datafield tag="082" ind1=" " ind2=" ">
    <subfield code="2">23</subfield>
    <subfield code="a">892.709</subfield>
    <subfield code="b">AZA 1985</subfield>
  </datafield>
  <datafield tag="100" ind1=" " ind2=" ">
    <subfield code="a">&#x986;&#x9AF;&#x9B9;&#x9BE;&#x9B0;&#x9C0;, &#x9AE;&#x9C1;&#x995;&#x9A4;&#x9BE;&#x9A6;&#x9BE; &#x9B9;&#x9BE;&#x9B8;&#x9BE;&#x9A8;</subfield>
    <subfield code="9">123506</subfield>
  </datafield>
  <datafield tag="245" ind1="1" ind2="0">
    <subfield code="a">&#x986;&#x9B0;&#x9AC;&#x9C0; &#x9B8;&#x9BE;&#x9B9;&#x9BF;&#x9A4;&#x9CD;&#x9AF;&#x9C7;&#x9B0; &#x987;&#x9A4;&#x9BF;&#x9B9;&#x9BE;&#x9B8; /</subfield>
    <subfield code="c">&#x9AE;&#x9C2;&#x9B2;: &#x9AE;&#x9C1;&#x995;&#x9A4;&#x9BE;&#x9A6;&#x9BE; &#x9B9;&#x9BE;&#x9B8;&#x9BE;&#x9A8; &#x986;&#x9AF;&#x9B9;&#x9BE;&#x9B0;&#x9C0; ; &#x985;&#x9A8;&#x9C1;&#x9AC;&#x9BE;&#x9A6; : &#x98F;. &#x9AC;&#x9BF;. &#x98F;&#x9AE;. &#x995;&#x9BE;&#x9AE;&#x9BE;&#x9B2;&#x9C1;&#x9A6;&#x9CD;&#x9A6;&#x9BF;&#x9A8; &#x9B6;&#x9BE;&#x9AE;&#x9C0;&#x9AE;, &#x98F;&#x9AE;. &#x986;&#x9AC;&#x9A6;&#x9C1;&#x9B8; &#x9B8;&#x9BE;&#x9B2;&#x9BE;&#x9AE; ; &#x9B8;&#x9AE;&#x9CD;&#x9AA;&#x9BE;&#x9A6;&#x9A8;&#x9BE; &#x993; &#x985;&#x9A8;&#x9C1;&#x9AC;&#x9BE;&#x9A6;:  &#x9AE;&#x9C1;&#x9B9;&#x9BE;&#x9AE;&#x9CD;&#x9AE;&#x9A6; &#x9AE;&#x9C1;&#x99C;&#x9C0;&#x9AC;&#x9C1;&#x9B0; &#x9B0;&#x9B9;&#x9AE;&#x9BE;&#x9A8;</subfield>
  </datafield>
  <datafield tag="260" ind1=" " ind2=" ">
    <subfield code="a">&#x9B0;&#x9BE;&#x99C;&#x9B6;&#x9BE;&#x9B9;&#x9C0; :</subfield>
    <subfield code="b">&#x9AE;&#x9C1;&#x9B9;&#x9BE;&#x9AE;&#x9CD;&#x9AE;&#x9A6;&#x9C0; &#x9B8;&#x9BE;&#x9B9;&#x9BF;&#x9A4;&#x9CD;&#x9AF; &#x9B8;&#x982;&#x9B8;&#x9CD;&#x9A5;&#x9BE;,</subfield>
    <subfield code="c">&#x9E7;&#x9EF;&#x9EE;&#x9EB;</subfield>
  </datafield>
  <datafield tag="300" ind1=" " ind2=" ">
    <subfield code="a"> &#x996;&#x9A8;&#x9CD;&#x9A1; ;</subfield>
    <subfield code="c">&#x9E7;&#x9EE; &#x9B8;&#x9C7;&#x9AE;&#x9BF;.</subfield>
  </datafield>
  <datafield tag="505" ind1=" " ind2=" ">
    <subfield code="a">&#x996;&#x9A8;&#x9CD;&#x9A1;  &#x9E7; --</subfield>
  </datafield>
  <datafield tag="650" ind1=" " ind2=" ">
    <subfield code="a">&#x986;&#x9B0;&#x9AC;&#x9C0; &#x9B8;&#x9BE;&#x9B9;&#x9BF;&#x9A4;&#x9CD;&#x9AF;</subfield>
    <subfield code="x">&#x987;&#x9A4;&#x9BF;&#x9B9;&#x9BE;&#x9B8; &#x993; &#x9B8;&#x9AE;&#x9BE;&#x9B2;&#x9CB;&#x99A;&#x9A8;&#x9BE;</subfield>
    <subfield code="9">123507</subfield>
  </datafield>
  <datafield tag="650" ind1=" " ind2=" ">
    <subfield code="a">Arabic Literature</subfield>
    <subfield code="x">History and Criticism</subfield>
    <subfield code="9">123508</subfield>
  </datafield>
  <datafield tag="700" ind1=" " ind2=" ">
    <subfield code="a">&#x9B6;&#x9BE;&#x9AE;&#x9C0;&#x9AE;, &#x98F;. &#x9AC;&#x9BF;. &#x98F;&#x9AE;. &#x995;&#x9BE;&#x9AE;&#x9BE;&#x9B2;&#x9C1;&#x9A6;&#x9CD;&#x9A6;&#x9BF;&#x9A8;, &#x985;&#x9A8;&#x9C1;&#x9AC;&#x9BE;&#x9A6;&#x995;</subfield>
    <subfield code="9">123509</subfield>
  </datafield>
  <datafield tag="700" ind1=" " ind2=" ">
    <subfield code="a">&#x9B8;&#x9BE;&#x9B2;&#x9BE;&#x9AE;, &#x98F;&#x9AE;. &#x986;&#x9AC;&#x9A6;&#x9C1;&#x9B8;, &#x9AF;&#x9C1;&#x997;&#x9CD;&#x9AE; &#x985;&#x9A8;&#x9C1;&#x9AC;&#x9BE;&#x9A6;&#x995;</subfield>
    <subfield code="9">209966</subfield>
  </datafield>
  <datafield tag="700" ind1=" " ind2=" ">
    <subfield code="a">&#x9B0;&#x9B9;&#x9AE;&#x9BE;&#x9A8;, &#x9AE;&#x9C1;&#x9B9;&#x9BE;&#x9AE;&#x9CD;&#x9AE;&#x9A6; &#x9AE;&#x9C1;&#x99C;&#x9C0;&#x9AC;&#x9C1;&#x9B0;, &#x9B8;&#x9AE;&#x9CD;&#x9AA;&#x9BE;&#x9A6;&#x995; &#x993; &#x985;&#x9A8;&#x9C1;&#x9AC;&#x9BE;&#x9A6;&#x995;</subfield>
    <subfield code="9">123510</subfield>
  </datafield>
  <datafield tag="942" ind1=" " ind2=" ">
    <subfield code="2">ddc</subfield>
    <subfield code="c">BK</subfield>
  </datafield>
  <datafield tag="999" ind1=" " ind2=" ">
    <subfield code="c">40109</subfield>
    <subfield code="d">40109</subfield>
  </datafield>
  <datafield tag="952" ind1=" " ind2=" ">
    <subfield code="0">0</subfield>
    <subfield code="1">0</subfield>
    <subfield code="2">ddc</subfield>
    <subfield code="4">0</subfield>
    <subfield code="7">0</subfield>
    <subfield code="8">NFIC</subfield>
    <subfield code="a">RUCL</subfield>
    <subfield code="b">RUCL</subfield>
    <subfield code="c">Stack</subfield>
    <subfield code="d">1990-12-13</subfield>
    <subfield code="e">Department of Arabic, R.U</subfield>
    <subfield code="g">20.00</subfield>
    <subfield code="l">0</subfield>
    <subfield code="o">B 892.709 AZA V-1 1985</subfield>
    <subfield code="r">2016-04-23 00:00:00</subfield>
    <subfield code="t">C-2</subfield>
    <subfield code="w">2021-12-09</subfield>
    <subfield code="y">BK</subfield>
  </datafield>
  <datafield tag="952" ind1=" " ind2=" ">
    <subfield code="0">0</subfield>
    <subfield code="1">0</subfield>
    <subfield code="2">ddc</subfield>
    <subfield code="4">0</subfield>
    <subfield code="7">0</subfield>
    <subfield code="8">NFIC</subfield>
    <subfield code="a">RUCL</subfield>
    <subfield code="b">RUCL</subfield>
    <subfield code="c">Stack</subfield>
    <subfield code="d">1987-07-29</subfield>
    <subfield code="e">A. Salam, RU.</subfield>
    <subfield code="g">25.00</subfield>
    <subfield code="l">1</subfield>
    <subfield code="o">B 892.709 AZA V-1 1985</subfield>
    <subfield code="r">2018-07-31 00:00:00</subfield>
    <subfield code="s">2018-07-24</subfield>
    <subfield code="t">C-3</subfield>
    <subfield code="w">2021-12-09</subfield>
    <subfield code="y">BK</subfield>
  </datafield>
  <datafield tag="952" ind1=" " ind2=" ">
    <subfield code="0">0</subfield>
    <subfield code="1">0</subfield>
    <subfield code="2">ddc</subfield>
    <subfield code="4">0</subfield>
    <subfield code="7">0</subfield>
    <subfield code="8">NFIC</subfield>
    <subfield code="a">RUCL</subfield>
    <subfield code="b">RUCL</subfield>
    <subfield code="c">Stack</subfield>
    <subfield code="d">1987-07-29</subfield>
    <subfield code="e">Department of islam studies, R.U</subfield>
    <subfield code="g">25.00</subfield>
    <subfield code="l">5</subfield>
    <subfield code="o">B 892.709 AZA V-1 1985</subfield>
    <subfield code="r">2024-11-07 00:00:00</subfield>
    <subfield code="s">2024-06-02</subfield>
    <subfield code="t">C-4</subfield>
    <subfield code="w">2021-12-09</subfield>
    <subfield code="y">BK</subfield>
  </datafield>
  <datafield tag="952" ind1=" " ind2=" ">
    <subfield code="0">0</subfield>
    <subfield code="1">0</subfield>
    <subfield code="2">ddc</subfield>
    <subfield code="4">0</subfield>
    <subfield code="7">0</subfield>
    <subfield code="8">NFIC</subfield>
    <subfield code="a">RUCL</subfield>
    <subfield code="b">RUCL</subfield>
    <subfield code="c">Stack</subfield>
    <subfield code="d">1987-07-29</subfield>
    <subfield code="e">A. Salam, RU.</subfield>
    <subfield code="g">25.00</subfield>
    <subfield code="l">2</subfield>
    <subfield code="o">B 892.709 AZA V-1 1985</subfield>
    <subfield code="r">2022-07-20 00:00:00</subfield>
    <subfield code="s">2022-06-30</subfield>
    <subfield code="t">C-5</subfield>
    <subfield code="w">2021-12-09</subfield>
    <subfield code="y">BK</subfield>
  </datafield>
  <datafield tag="952" ind1=" " ind2=" ">
    <subfield code="0">0</subfield>
    <subfield code="1">0</subfield>
    <subfield code="2">ddc</subfield>
    <subfield code="4">0</subfield>
    <subfield code="7">0</subfield>
    <subfield code="8">NFIC</subfield>
    <subfield code="a">RUCL</subfield>
    <subfield code="b">RUCL</subfield>
    <subfield code="c">Stack</subfield>
    <subfield code="d">1987-07-29</subfield>
    <subfield code="e">A. Salam, RU.</subfield>
    <subfield code="g">25.00</subfield>
    <subfield code="l">0</subfield>
    <subfield code="o">B 892.709 AZA V-1 1985</subfield>
    <subfield code="r">2016-08-20 00:00:00</subfield>
    <subfield code="t">C-6</subfield>
    <subfield code="w">2021-12-09</subfield>
    <subfield code="y">BK</subfield>
  </datafield>
  <datafield tag="952" ind1=" " ind2=" ">
    <subfield code="0">0</subfield>
    <subfield code="1">0</subfield>
    <subfield code="2">ddc</subfield>
    <subfield code="4">0</subfield>
    <subfield code="7">1</subfield>
    <subfield code="8">NFIC</subfield>
    <subfield code="a">RUCL</subfield>
    <subfield code="b">RUCL</subfield>
    <subfield code="c">Reading</subfield>
    <subfield code="d">1987-07-29</subfield>
    <subfield code="e">Arabic and Islamic Studies Dept. RU.</subfield>
    <subfield code="g">25.00</subfield>
    <subfield code="l">0</subfield>
    <subfield code="o">B 892.709 AZA V-1 1985</subfield>
    <subfield code="r">2017-02-26 00:00:00</subfield>
    <subfield code="t">C-1</subfield>
    <subfield code="w">2021-12-09</subfield>
    <subfield code="y">BK</subfield>
  </datafield>
</record>
